| Поле | Инд. | ПП | Название | Значение |
|---|---|---|---|---|
| Тип записи | a | |||
| Библиографический уровень | m | |||
| 001 | Контрольный номер | RU/IS/BASE/266493570 | ||
| 005 | Дата корректировки | 20220805121049.8 | ||
| 040 | b | Код языка каталог. | rus | |
| 041 | 0_ | a | Код языка текста | rus |
| 080 | a | Индекс УДК | 004.42 | |
| 084 | a | Индекс другой классификации/Индекс ББК | 32.973.26-018.2 | |
| 090 | a | Полочн. индекс | 681.3 | |
| x | Авторский знак | Д27 | ||
| 097 | b | Оператор | 11 | |
| 100 | 1_ | a | Автор | Дейкстра Э. В. |
| 245 | 10 | a | Заглавие | Дисциплина программирования |
| c | Ответственность | пер. с англ. И. Х. Зусман [и др.] ; под ред. Э. З. Любимского | ||
| 260 | a | Место издания | М. | |
| b | Издательство | Мир | ||
| c | Дата издания | 1978 | ||
| 300 | a | Объем | 275 с. | |
| 440 | _0 | a | Серия | Математическое обеспечение ЭВМ |
| 510 | 0_ | a | Примечание о ссылках | Книги и методические пособия |
| 650 | 04 | a | Основная рубрика | 50.05 Теоретические основы программирования |
| x | Основная подрубрика | 50.05.03 Общетеоретические вопросы программирования | ||
| 653 | 0_ | a | Ключевые слова | программирование; цифровые вычислительные машины |
| 901 | t | Тип документа | m |